[Event "Quebec op U2000"]
[Site "Montreal"]
[Date "2016.07.24"]
[Round "2.3"]
[White "Liu, Yu Qing"]
[Black "Perna Fraser, David"]
[Result "1-0"]
[WhiteElo "1821"]
[BlackElo "1919"]
[PlyCount "85"]
[EventDate "2016.07.23"]
[EventType "swiss"]
[EventRounds "8"]
[EventCountry "CAN"]
[SourceTitle "EXT 2022"]
[Source "ChessBase"]
[SourceDate "2021.10.06"]
[SourceVersion "1"]
[SourceVersionDate "2021.10.06"]
[SourceQuality "1"]

1. e4 e5 2. Nf3 Nf6 3. Nxe5 d6 4. Nf3 Nxe4 5. Nc3 Nxc3 6. dxc3 Be7 7. Be3 0-0 8. Qd2 Nd7 9. 0-0-0 b6 10. Nd4 Bb7 11. Nf5 Bf6 12. Rg1 Nc5 13. f3 h6 14. Qf2 Bg5 15. h4 Bxe3+ 16. Qxe3 Re8 17. Qf2 Qf6 18. g4 Qe5 19. Bg2 Qf4+ 20. Kb1 Ne4 21. Qd4 f6 22. fxe4 Bxe4 23. Bxe4 Qxe4 24. Ng3 Qxd4 25. Rxd4 Re5 26. Re4 Rae8 27. Rge1 Kf7 28. Kc1 g6 29. Kd2 Rd5+ 30. Rd4 Rde5 31. Rxe5 dxe5 32. Rd7+ Re7 33. Rxe7+ Kxe7 34. Ke3 Ke6 35. Ke4 a5 36. h5 Kf7 37. a4 c6 38. c4 Kg7 39. c3 Kf7 40. b4 gxh5 41. gxh5 b5 42. bxa5 bxa4 43. a6 1-0

[Event "Quebec-ch U18"]
[Site "Montreal"]
[Date "2016.01.17"]
[Round "5"]
[White "Vorobev, Alexander1"]
[Black "Liu, Yu Qing"]
[Result "1/2-1/2"]
[WhiteElo "1905"]
[BlackElo "1795"]
[PlyCount "65"]
[EventDate "2016.01.15"]
[EventType "tourn"]
[EventRounds "5"]
[EventCountry "CAN"]
[SourceTitle "EXT 2017"]
[Source "ChessBase"]
[SourceDate "2016.10.25"]
[SourceVersion "1"]
[SourceVersionDate "2016.10.25"]
[SourceQuality "1"]

1. e4 c5 2. Nf3 a6 3. c4 Nc6 4. Nc3 e5 5. d3 Nge7 6. g3 g6 7. Bg2 Bg7 8. 0-0 d6 9. Be3 0-0 10. Qd2 Nd4 11. Bh6 Bg4 12. Bxg7 Kxg7 13. Nxd4 exd4 14. Ne2 Qc8 15. f4 Nc6 16. f5 Bxe2 17. f6+ Kh8 18. Qxe2 Ne5 19. h3 Qd8 20. g4 h6 21. h4 Kh7 22. g5 h5 23. Bh3 Kg8 24. Rfb1 a5 25. a4 Ra6 26. b3 Qb6 27. Rb2 Qb4 28. Rab1 Rb6 29. Rc2 Ra6 30. Kf1 Qb6 31. Ke1 Qc7 32. Kd1 Rb6 33. Kd2 1/2-1/2

[Event "Quebec-ch U18"]
[Site "Montreal"]
[Date "2016.01.16"]
[Round "3"]
[White "Harris, Gabriel"]
[Black "Liu, Yu Qing"]
[Result "1/2-1/2"]
[WhiteElo "1446"]
[BlackElo "1795"]
[PlyCount "72"]
[EventDate "2016.01.15"]
[EventType "tourn"]
[EventRounds "5"]
[EventCountry "CAN"]
[SourceTitle "EXT 2017"]
[Source "ChessBase"]
[SourceDate "2016.10.25"]
[SourceVersion "1"]
[SourceVersionDate "2016.10.25"]
[SourceQuality "1"]

1. d4 d5 2. c4 e6 3. Nf3 c6 4. Bf4 f5 5. c5 Nf6 6. Nc3 Be7 7. e3 0-0 8. Bd3 Ne4 9. Qc2 Nd7 10. 0-0 Kh8 11. b4 Qe8 12. a4 Qh5 13. Ne5 g5 14. Be2 Qh6 15. Nxd7 Bxd7 16. Be5+ Bf6 17. Bc7 Rac8 18. Nxe4 fxe4 19. Bd6 Rg8 20. h3 Qg7 21. Qc3 Qg6 22. b5 b6 23. bxc6 Bxc6 24. Ba6 Rcd8 25. Bc7 g4 26. hxg4 Qxg4 27. g3 Qf3 28. Bxd8 Bxd8 29. Qc2 b5 30. Bxb5 Bxb5 31. axb5 Rg6 32. Qd1 Rxg3+ 33. fxg3 Qxg3+ 34. Kh1 Qh3+ 35. Kg1 Qg3+ 36. Kh1 Qh3+ 1/2-1/2

[Event "Montreal Ligue elite du dimanche"]
[Site "Montreal"]
[Date "2015.10.04"]
[Round "3"]
[White "Liu, Yu Qing"]
[Black "Chiku Ratte, Olivier Kenta"]
[Result "0-1"]
[WhiteElo "1802"]
[BlackElo "2386"]
[PlyCount "80"]
[EventDate "2015.09.20"]
[EventType "team"]
[EventRounds "5"]
[EventCountry "CAN"]
[SourceTitle "EXT 2019"]
[Source "ChessBase"]
[SourceDate "2018.10.10"]
[SourceVersion "1"]
[SourceVersionDate "2018.10.10"]
[SourceQuality "1"]

1. e4 c5 2. Nf3 e6 3. d4 cxd4 4. Nxd4 a6 5. f4 Bc5 6. Nb3 Ba7 7. Qf3 Nf6 8. e5 Nd5 9. Nc3 0-0 10. Ne4 f6 11. Qg3 Nc6 12. Bd3 f5 13. Nc3 Nxc3 14. bxc3 b6 15. Ba3 Rf7 16. Rd1 b5 17. Be2 Bb7 18. Bf3 a5 19. Bc5 a4 20. Bxc6 Bxc6 21. Nd4 Bxc5 22. Nxc6 Qb6 23. Nd4 Rc8 24. Qd3 b4 25. Rb1 Bxd4 26. cxd4 Qc6 27. 0-0 Rff8 28. Rfc1 Qd5 29. c4 bxc3 30. Rxc3 Qxa2 31. Rbc1 Rxc3 32. Rxc3 Rb8 33. Rc2 Qb1+ 34. Kf2 Kf7 35. d5 Qb3 36. dxe6+ Qxe6 37. Rd2 Rb7 38. Qd4 Qb3 39. Qd6 Qe6 40. Qd3 Qb6+ 0-1

[Event "CAN-ch U16"]
[Site "Montreal"]
[Date "2014.07.18"]
[Round "7"]
[White "Doknjas, John"]
[Black "Liu, Yu Qing"]
[Result "1/2-1/2"]
[WhiteElo "2171"]
[BlackElo "1404"]
[PlyCount "58"]
[EventDate "2014.07.15"]
[EventType "swiss"]
[EventRounds "7"]
[EventCountry "CAN"]
[SourceTitle "EXT 2022"]
[Source "ChessBase"]
[SourceDate "2021.10.06"]
[SourceVersion "1"]
[SourceVersionDate "2021.10.06"]
[SourceQuality "1"]

1. d4 d5 2. c4 e6 3. Nc3 c6 4. e4 dxe4 5. Nxe4 Nd7 6. Nf3 Ngf6 7. Nxf6+ Nxf6 8. Bd3 c5 9. dxc5 Qc7 10. 0-0 Bxc5 11. b3 b6 12. Bb2 Bb7 13. Qe2 Be7 14. Rfe1 0-0 15. Ne5 Rad8 16. Rad1 Rfe8 17. a3 Qb8 18. Rd2 Qa8 19. f4 Bc5+ 20. Kh1 Ne4 21. Bxe4 Bxe4 22. Nd7 Bf5 23. Qe5 f6 24. Nxf6+ gxf6 25. Qxf6 Bf8 26. Qh8+ Kf7 27. Qf6+ Kg8 28. Qh8+ Kf7 29. Qf6+ Kg8 1/2-1/2